LEADER 01346nam a2200325 i 4500 001 000000333275 003 CaOOAMICUS 005 20220228105337.0 008 190408s2015 it u000 u mul u 013 $a57071 020 $a978-88-452-9100-5 040 $aSeMil$bita 041 1 $aita$aeng 100 1 $aPoe, Edgar Allan,$d<1809-1849>.$0(OLS)http://semarc/name/7092 240 10$aEureka :$ba prose poem.$0(OLS)http://semarc/title/422593 245 10$aEureka /$cEdgar Alla [i.e.] Allan Poe ; introduzione, traduzione, note e apparati di Paolo Guglielmoni. 250 $a2. Ed. 264 1$aMilano :$bBompiani,$c2015. 300 $axx, 261 p. ;$c21 cm. 490 1 $aBompiani Testi a fronte ;$v30 546 $aTesto inglese a fronte 650 4$aPoe, Edgar Allan <1809-1849> - Opere - Cosmologia.$0(OLS)http://semarc/subject/51723 700 1 $aGuglielmoni, Paolo.$0(OLS)http://semarc/name/50483 830 0$aBompiani. Testi a fronte ;$v30.$0(OLS)http://semarc/title/12808 850 $aSeMil 852 $aSeMil$W1$xVenegono$y1$m2OA VII 130$j211906$B225390$CSeMilBibl$Z2$F225390 $81 996 $6020$a978-88-452-9100-5$9(OLS)http://semarc/number/287076 996 $6245$aEureka$9(OLS)http://semarc/title/422592 996 $6264$aMilano :$bBompiani$9(OLS)http://semarc/publisher/29706 LEADER 01520nam a2200313 i 4500 001 000000105320 003 CaOOAMICUS 005 20250401112833.0 008 150827s1985 be u000 u lat u 013 $a77510 040 $aSeMil$bita 100 0 $aIoannes : Scotus Erigena,$c.$0(OLS)http://semarc/name/89165 245 10$aIohannes Scottus De divina praedestinatione /$cdigesserunt Eddy Gouder et Paul Tombeur ; curante CETEDOC. 260 $aTurnhout :$bBrepols,$c1985. 300 $a21 p. ;$c26 cm + 2 microfiches. 490 0 $aCorpus Christianorum. Instrumenta Lexicologica Latina. Ser. B, Lemmata ;$vFasc.4 500 $aSpoglio lessicale 700 1 $aGouder, Eddy.$0(OLS)http://semarc/name/16322 700 1 $aTombeur, Paul <1936- >.$0(OLS)http://semarc/name/3503 710 2 $aUniversité Catholique : Centre de traitement èlectronique des documents.$0(OLS)http://semarc/name/60 830 0$aCorpus Christianorum. Instrumenta Lexicologica Latina. Ser. B, Lemmata ;$v4.$0(OLS)http://semarc/title/2157 850 $aSeMil 852 $aSeMil$W1$xVenegono$y1$mSL2.G CC.CM.ILL 4/1$j255606$B61572$CSeMilBibl$Z2$F70996 $8I 900 1 $aGiovanni Scoto Eriugena <810-877>. 961 $aSottoscrizione: Brepols 996 $6245$aIohannes Scottus De divina praedestinatione$9(OLS)http://semarc/title/152526 996 $6260$aTurnhout :$bBrepols$9(OLS)http://semarc/publisher/29626